000 00938nam a2200289 i 4500
001 000017393
003 DO-SdBNP
005 20240412074247.0
007 ta
008 100324s2009 dr 001 p spa d
020 _a9789945420685
040 _aDO-SdBNP
_bspa
_cBNPHU
_erda
082 4 _aRD861.44
_bS715d
_222
100 1 _aSosa, Carlos,
_938073
_eautor
245 1 0 _aDe amor y lluvia /
_cCarlos Sosa ; prólogo, Rosanna Lockwart F.
264 _aSan Francisco de Macorís, República Dominicana :
_bÁngeles de Fierro,
_c2009.
300 _a70 páginas :
_b18 cm.
336 _2rdacontent
_atexto
_btxt
337 _2rdamedia
_asin mediación
_bn
338 _2rdacarrier
_avolumen
_bnc
590 _aInventariado, 2019 / DG
650 4 _aPoesía dominicana
_966
650 0 _aLiteratura dominicana.
_967
700 1 _aLokwart F., Rosanna,
_eprólogo
_938074
910 _aValidado. Control de calidad MMOLINA
942 _2ddc
_cLBS1
999 _c16918
_d16918